000 00978nas a2200325 4500
001 BR0604604
003 BR-BrBNA
005 20231205110432.0
007 ta
008 230509b bl.|||p| |||| 00| 00por d
040 _aBR-BrBNA
_bpor
_cBiblioteca Nacional de Agricultura
041 _a(Pt)
072 _aL73
100 1 _aAlves, A. de L.
100 1 _aMadureira, R.C.
100 1 _aSilva, R.A. da
100 1 _aCorrêa, F. do N.
100 1 _aBotteon, R.C.C.M.
245 1 _aFrequência de anticorpos contra Borrelia burgdorferi em cães na região metropolitana do Rio de Janeiro
650 _aCÃO
650 _aESPIROQUETOSE
650 _aBACTÉRIA
650 _aCARRAPATO
650 _aATIVIDADE ENZÍMICA
650 _aZOONOSE
650 _aRIO DE JANEIRO
773 0 _tPesquisa Veterinária Brasileira (Brazil)
_xISSN 0100-736X
_g(Oct-Dec 2004), v. 24(4) p. 203-206
_wBR0604604
909 _a202311
_bLúcia
_c55
_dLúcia Elande
942 _2AGRIS
_n0
_cANA
999 _c187380
_d187380